000 00618nam a22001937a 4500
005 20251108164331.0
008 250721s1988 xx 000 0 ara d
082 1 4 _a921/كرس
100 1 _aكرسبني، أنطوني ديض
245 1 0 _aأعلام الفلسفة السياسية المعاصرة /
264 1 _aالقاهرة :
_bالهيئة المصرية العامة،
_c1988.
300 _a127 ص
490 0 _aالألف كتاب الثاني ؛60
650 1 7 _aالتراجم
650 1 7 _aالفلاسفة
700 1 _aعبد الله، نصار
_eترجمة
942 _2ddc
_cBK
999 _c9579
_d9579